Normal view
MARC view
- سنون، علي السعيد
Entry Personal Name
001 - CONTROL NUMBER
- control field: 64189
003 - CONTROL NUMBER IDENTIFIER
- control field: JO-AjAnu
005 - DATE AND TIME OF LATEST TRANSACTION
- control field: 20230606084456.0
008 - FIXED-LENGTH DATA ELEMENTS
- fixed length control field: 230606|| aca||aabn | a|a d
040 ## - CATALOGING SOURCE
- Original cataloging agency: JO-AjAnu
- Transcribing agency: JO-AjAnu
100 ## - HEADING--PERSONAL NAME
- Personal name: سنون، علي السعيد
670 ## - SOURCE DATA FOUND
- Source citation: Work cat.: (JO-AjAnu)32725: سنون، علي السعيد, author, المحاسبة والمراجعة الحكومية في دولة قطر (النظرية والتطبيق)